Human resources (Record no. 151307)
[ view plain ]
| 000 -LEADER | |
|---|---|
| fixed length control field | 00297nam a2200121Ia 4500 |
| 008 - FIXED-LENGTH DATA ELEMENTS--GENERAL INFORMATION | |
| fixed length control field | 161229s9999 xx 000 0 und d |
| 082 ## - DEWEY DECIMAL CLASSIFICATION NUMBER | |
| Classification number | 658. 3 MAI/HU |
| 245 ## - TITLE STATEMENT | |
| Title | Human resources |
| 260 ## - PUBLICATION, DISTRIBUTION, ETC. (IMPRINT) | |
| Name of publisher, distributor, etc. | Mcgraw hill |
| Place of publication, distribution, etc. | Sluice Dock |
| Date of publication, distribution, etc. | 2000 |
| 300 ## - PHYSICAL DESCRIPTION | |
| Extent | x, 229 |
| 700 ## - ADDED ENTRY--PERSONAL NAME | |
| Personal name | Maidment, Fred ,ed. |
| 942 ## - ADDED ENTRY ELEMENTS (KOHA) | |
| Koha item type | Books (General) |
| Withdrawn status | Lost status | Damaged status | Not for loan | Home library | Current library | Date acquired | Total Checkouts | Full call number | Barcode | Date last seen | Price effective from | Koha item type | Public note |
|---|---|---|---|---|---|---|---|---|---|---|---|---|---|
| KAU Central Library, Thrissur | KAU Central Library, Thrissur | 29/12/2016 | 658. 3 MAI/HU | 902616 | 29/12/2016 | 29/12/2016 | Books (General) | Book transferred from CCBM Library ,Acc.No:8717 |
